Cancún - Choix multiples - Statistiques

Statistiques générales
  • Ce quiz a été pris 41 fois
  • Le résultat moyen est 7 sur 10
Statistiques - réponses
Question Réponse % Correct
Quelle activité économique génère le plus de revenus pour la ville de Cancún ? Tourisme
97%
Quelle monnaie utilise-t-on à Cancún ? Peso
92%
Quel image est une photo de Cancún ?
84%
Quel site archéologique maya se trouve à environ 2 heures de Cancún ? Chichén Itzá
82%
Quel reptile est fréquemment observé en liberté dans les parcs, ruines et zones côtières de Cancún ? Iguane
82%
Quelle mer borde Cancún ? Mer des Caraïbes
71%
Comment appelle-t-on les puits naturels d’eau douce très prisés autour de Cancún ? Cenotes
66%
En quelle année Cancún a-t-elle été officiellement fondée comme station balnéaire ? 1970
45%
Dans quel état mexicain se trouve Cancún ? Quintana Roo
29%
Quel est le nom du musée sous-marin de sculptures au large de Cancún ? MUSA
26%
Aucun quiz correspondant
Distribution des résultats
% des personnes avec chaque résultat
Percentile par nombre de réponses
Votre historique - résultats
Vous n’avez pas pris ce quiz